Premier League 22/23 signings - Statistics

General Stats
  • This quiz has been taken 111 times
    85 since last reset
  • The average score is 67 of 135
Answer Stats
Club signed from Club signed for Transfer fee Kit number Answer % Correct
Man City Arsenal £46.98 million 9 Gabriel Jesus
100%
Man City Arsenal £31.5 million 35 Oleksandr Zinchenko
100%
Barcelona Aston Villa £18 million 23 Philippe Coutinho
83%
Marseille Southampton £9 million 6 Duje Caleta-Car
82%
Porto Arsenal £31.5 million 21 Fabio Vieira
80%
Sevilla Aston Villa £27.9 million 3 Diego Carlos
77%
Napoli Chelsea £34.2 million 26 Kalidou Koulibaly
77%
Man City Chelsea £50.58 million 17 Raheem Sterling
77%
Benfica Liverpool £67.5 million 27 Darwin Nunez
75%
Leicester Chelsea £72.36 million 33 Wesley Fofana
75%
Borussia Dortmund Man City £54 million 9 Erling Haaland
73%
Brighton Chelsea £58.77 million 32 Marc Cucurella
73%
New England Arsenal £5.73 million 30 Matt Turner
73%
Ajax Man United £85.5 million 21 Antony
72%
Marseille Aston Villa Free Transfer 44 Boubacar Kamara
72%
Ajax Man United £51.63 million 6 Lisandro Martinez
72%
Everton Tottenham £52.2 million 9 Richarlison
72%
Real Madrid Man United £63.59 million 18 Casemiro
70%
Leeds Man City £43.87 million 4 Kalvin Phillips
70%
Barcelona Chelsea £10.8 million 9 Pierre-Emerick Aubameyang
70%
Real Sociedad Newcastle £63 million 14 Alexander Isak
68%
Brentford Man United Free Transfer 14 Christian Eriksen
68%
PSG Everton £3.6 million 27 Idrissa Gueye
67%
Borussia Dortmund Man City £15.75 million 25 Manuel Akanji
67%
Sao Paulo Arsenal £3.15 million 27 Marquinhos
67%
Juventus Liverpool Loan 29 Arthur Melo
65%
Man United Nottingham Forest Loan 1 Dean Henderson
65%
Brighton Tottenham £26.28 million 38 Yves Bissouma
65%
Burnley Brentford Free Transfer 16 Ben Mee
63%
Feyenoord Man United £13.5 million 12 Tyrell Malacia
63%
Lille Everton £32.4 million 8 Amadou Onana
62%
Barcelona Tottenham Loan 34 Clement Lenglet
62%
Juventus Chelsea Loan 20 Denis Zakaria
62%
Fulham Liverpool £5.31 million 28 Fabio Carvalho
62%
Inter Milan Tottenham Free Transfer 14 Ivan Perisic
62%
Burnley Everton Free Transfer 2 James Tarkowski
62%
Newcastle Man United Loan 31 Martin Dubravka
62%
Wolves Nottingham Forest £26.55 million 10 Morgan Gibbs-White
62%
Lille Newcastle £33.3 million 4 Sven Botman
62%
Burnley Everton £21.6 million 7 Dwight McNeil
60%
Lyon West Ham £38.66 million 11 Lucas Paqueta
60%
Barcelona Bournemouth Free Transfer 13 Neto
60%
Anderlecht Man City £11.7 million 21 Sergio Gomez
60%
Atletico Madrid Nottingham Forest Loan 32 Renan Lodi
58%
Man City Southampton £10.53 million 45 Romeo Lavia
58%
Chelsea Brighton £9.36 million 27 Billy Gilmour
57%
Wolves Aston Villa £13.5 million 32 Leander Dendoncker
57%
Chelsea Brighton Loan 6 Levi Colwill
57%
Burnley Newcastle £10.35 million 22 Nick Pope
57%
Villarreal Brighton £16.02 million 30 Pervis Estupinan
57%
Wolves Everton Loan 30 Conor Coady
55%
Sassuolo West Ham £32.4 million 7 Gianluca Scamacca
55%
Man United Nottingham Forest Free Transfer 11 Jesse Lingard
55%
Aston Villa Newcastle £15.75 million 3 Matt Targett
55%
Reims Leicester £15.3 million 3 Wout Faes
55%
Man United Fulham £8.55 million 18 Andreas Pereira
53%
Sporting Lisbon Fulham £18 million 26 Joao Palhinha
53%
Brighton Everton £10.62 million 20 Neal Maupay
53%
Arminia Bielefeld Man City Free Transfer 18 Stefan Ortega
53%
Corinthians Fulham Free Transfer 20 Willian
53%
RB Salzburg Leeds £29.56 million 7 Brenden Aaronson
52%
Chelsea West Ham £13.86 million 33 Emerson
52%
Union Berlin Nottingham Forest £18.45 million 9 Taiwo Awoniyi
52%
Middlesbrough Tottenham £13.23 million 24 Djed Spence
50%
Liverpool Nottingham Forest £18 million 7 Neco Williams
50%
RB Leipzig Leeds £21.06 million 12 Tyler Adams
50%
Aston Villa Chelsea £16.2 million 30 Carney Chukwuemeka
48%
Lens Crystal Palace £20.34 million 28 Cheick Doucoure
48%
Leeds Fulham Loan 21 Dan James
48%
Southampton Tottenham Free Transfer 20 Fraser Forster
48%
PSG West Ham £8.37 million 13 Alphonse Areola
47%
Arsenal Fulham £3.24 million 17 Bernd Leno
47%
Bayern Munich Crystal Palace £10.8 million 26 Chris Richards
47%
Bayern Munich Leeds £10.8 million 8 Marc Roca
47%
Sporting Lisbon Wolves £40.5 million 27 Matheus Nunes
47%
Burnley Wolves £21.87 million 4 Nathan Collins
47%
Bayern Munich Nottingham Forest £7.65 million 27 Omar Richards
47%
Roma Aston Villa £3.15 million 25 Robin Olsen
47%
Bologna Brentford £19.8 million 2 Aaron Hickey
45%
Atletico Mineiro Wolves Free Transfer 29 Diego Costa
45%
Watford Nottingham Forest £13.32 million 25 Emmanuel Dennis
45%
Valencia Wolves £29.34 million 17 Goncalo Guedes
45%
RB Leipzig Wolves £15.03 million 11 Hee-Chan Hwang
45%
Feyenoord Bournemouth £13.5 million 25 Marcos Senesi
45%
Sampdoria Brentford £13.5 million 24 Mikkel Damsgaard
45%
Rennes West Ham £31.5 million 27 Nayef Aguerd
45%
Aberdeen Liverpool £4.4 million 22 Calvin Ramsay
43%
Rangers Southampton £6.39 million 7 Joe Aribo
43%
PSG Fulham Loan 3 Layvin Kurzawa
43%
PSG West Ham £10.8 million 24 Thilo Kehrer
43%
Man United Everton £9.36 million 37 James Garner
42%
Southampton Aston Villa Loan 20 Jan Bednarek
42%
Feyenoord Leeds £22.5 million 23 Luis Sinisterra
40%
Shakhtar Donetsk Fulham Loan 11 Manor Solomon
40%
Middlesbrough Bournemouth £10.71 million 16 Marcus Tavernier
40%
Burnley West Ham £18.63 million 14 Maxwel Cornet
40%
Atalanta Nottingham Forest £8.1 million 23 Remo Freuler
40%
Crystal Palace Nottingham Forest Free Transfer 21 Cheikhou Kouyate
38%
Man City Southampton £12.6 million 31 Gavin Bazunu
38%
Wolfsburg Fulham £4.95 million 27 Kevin Mbabu
38%
West Ham Bournemouth Free Transfer 2 Ryan Fredericks
38%
Libertad Brighton £10.44 million 20 Julio Enciso
37%
Hull City Brentford £17.1 million 23 Keane Lewis-Potter
37%
Sporting Lisbon Everton Loan 29 Ruben Vinagre
37%
Arsenal Southampton Loan 3 Ainsley Maitland-Niles
35%
Benfica Fulham £4.5 million 30 Carlos Vinicius
35%
West Ham Fulham £16.02 million 31 Issa Diop
35%
RB Salzburg Leeds £11.7 million 25 Rasmus Kristensen
35%
Lazio Brentford Free Transfer 22 Thomas Strakosha
35%
VFL Bochum Southampton £9 million 37 Armel Bella-Kotchap
33%
Sevilla Aston Villa Loan 17 Ludwig Augustinsson
33%
Mainz Nottingham Forest £9 million 19 Moussa Niakhate
33%
Stuttgart Nottingham Forest £11.7 million 5 Orel Mangala
33%
Huddersfield Nottingham Forest £5.31 million 14 Lewis O'Brien
32%
Villarreal Nottingham Forest Free Transfer ? Serge Aurier
32%
Brighton Fulham Loan 5 Shane Duffy
32%
Wolves Nottingham Forest £2.34 million 30 Willy Boly
32%
FC Zurich Leeds £4.05 million 29 Wilfried Gnonto
30%
Huddersfield Nottingham Forest £5.31 million 15 Harry Toffolo
28%
West Brom Crystal Palace Free Transfer 21 Sam Johnstone
28%
Swansea West Ham £9.59 million 12 Flynn Downes
27%
Southampton Bournemouth Loan 3 Jack Stephens
27%
Stuttgart Wolves £16.2 million 18 Sasa Kalajdzic
25%
Blackburn Bournemouth Free Transfer 14 Joe Rothwell
23%
Bordeaux Southampton £11.7 million 18 Sekou Mara
23%
Burnley Nottingham Forest Free Transfer 13 Wayne Hennessey
20%
Metz Wolves Loan 6 Boubacar Traore
18%
Man City Southampton £? 23 Samuel Edozie
18%
Cardiff Leicester Free Transfer 12 Alex Smithies
17%
Man City Leeds £5.22 million 18 Darko Gyabi
15%
Troyes Nottingham Forest £9 million 2 Giulian Biancone
13%
Derby Crystal Palace Free Transfer 23 Malcolm Ebiowei
13%
Real Betis Leeds Free Transfer 22 Joel Robles
12%
Rennes Nottingham Forest Loan 28 Loic Bade
10%
Man City Southampton £6.3 million 28 Juan Larios
8%
No matching quizzes found
Score Distribution
Percent of People with Each Score
Percentile by Number Answered
Your Score History
You have not taken this quiz since the last reset